Jazz music : (Record no. 65909)
[ view plain ]
| 000 -LEADER | |
|---|---|
| fixed length control field | 00527cam4a220019300 4500 |
| 001 - CONTROL NUMBER | |
| control field | tmp15332944 |
| 003 - CONTROL NUMBER IDENTIFIER | |
| control field | UPRA |
| 005 - DATE AND TIME OF LATEST TRANSACTION | |
| control field | 20190815103501.0 |
| 008 - FIXED-LENGTH DATA ELEMENTS--GENERAL INFORMATION | |
| fixed length control field | 950731s1973 dcu eng u |
| 035 ## - SYSTEM CONTROL NUMBER | |
| System control number | (Sirsi) r120041 |
| 035 ## - SYSTEM CONTROL NUMBER | |
| System control number | (UPRA)tmp15332944 |
| 040 ## - CATALOGING SOURCE | |
| Transcribing agency | UPRA |
| 100 1# - MAIN ENTRY--PERSONAL NAME | |
| Personal name | Williams, Martin. |
| Linkage | A86029.1 |
| 245 10 - TITLE STATEMENT | |
| Title | Jazz music : |
| Remainder of title | a brief history. |
| 260 ## - PUBLICATION, DISTRIBUTION, ETC. | |
| Place of publication, distribution, etc. | Washington : |
| Name of publisher, distributor, etc. | Smithsonian Institution, |
| Date of publication, distribution, etc. | 1973. |
| 650 #0 - SUBJECT ADDED ENTRY--TOPICAL TERM | |
| Topical term or geographic name entry element | Jazz. |
| Linkage | S6235.1 |
| 949 ## - LOCAL PROCESSING INFORMATION (OCLC) | |
| a | ML3561 |
| w | lcc |
| i | -172763 |
| m | MAIN |
| t | BOOK |
| l | ON-SHELF |
No items available.